|
|
|
|
| LEADER |
00000nab a2200000 a 4500 |
| 001 |
vtls000807372 |
| 003 |
SK-MaSNL |
| 005 |
20260305035418.0 |
| 008 |
250429c2002 xo 0 slo |
| 015 |
|
|
|a SNBRB2002/10-29721
|
| 035 |
|
|
|a CLN000159027
|
| 035 |
|
|
|a urn:nbn:sk:snk-ab2wvr
|
| 035 |
|
|
|a (urnnbn)urn:nbn:sk:snk:ar-a031t5
|
| 035 |
|
|
|a (uuid)b30f6fc2-d373-48e3-bd0e-a6d6d8d8cae6
|
| 040 |
|
|
|a SNKBUCL
|b slo
|c SNKBUCL
|e AACR2
|
| 041 |
0 |
|
|a slo
|
| 044 |
|
|
|a xo
|c SK
|
| 080 |
|
|
|a 301.15/.18:37
|2 1997
|
| 080 |
|
|
|a 37.03
|2 1997
|
| 100 |
1 |
|
|a Kováčiková, Dagmar,
|d 1948-
|4 aut
|9 6823
|
| 245 |
1 |
0 |
|a Funkčná negramotnosť ako negatívny fenomén súčasnej spoločnosti
|c Dagmar Kováčiková
|
| 504 |
|
|
|a Bibliogr. odkazy
|
| 504 |
|
|
|a Res. angl.
|
| 650 |
0 |
7 |
|a spoločnosť
|x negramotnosť funkčná
|2 snkbucl
|9 1617993
|
| 650 |
0 |
7 |
|a funkčná gramotnosť
|2 snkbucl
|9 69139
|
| 655 |
|
7 |
|a články z novín a časopisov
|2 snkbucl
|9 267496
|
| 773 |
0 |
|
|t Mládež a spoločnosť
|g Roč. 8, č. 3 (2002), s. 44-50
|x 1335-1109
|
| 850 |
|
|
|a Slovenská národná knižnica
|
| 852 |
|
|
|a Slovenská národná knižnica
|
| 954 |
|
|
|a odborná, vedecká literatúra pôvodná (slovenská)
|2 lita
|
| 958 |
|
|
|a article27
|
| 958 |
|
|
|a SK
|
| 958 |
|
|
|a NB
|
| 958 |
|
|
|a OND
|
| 958 |
|
|
|a EUIPO
|
| 992 |
|
|
|a RBX
|
| 999 |
|
|
|c 3333680
|d 3335610
|